[Event "Equeurdreville de la Manche-ch"]
[Site "Equeurdreville"]
[Date "2016.02.27"]
[Round "1"]
[White "Cohen, Georges"]
[Black "Viel, Simon"]
[Result "0-1"]
[WhiteElo "1429"]
[BlackElo "2033"]
[PlyCount "52"]
[EventDate "2016.02.27"]
[EventType "swiss"]
[EventRounds "6"]
[EventCountry "FRA"]
[SourceTitle "EXT 2024"]
[Source "ChessBase"]
[SourceDate "2023.10.10"]
[SourceVersion "1"]
[SourceVersionDate "2023.10.10"]
[SourceQuality "1"]

1. d4 Nf6 2. e3 e6 3. Nf3 c5 4. c3 Nc6 5. Bd3 d5 6. Bb5 Bd6 7. Ne5 Qc7 8. f4 a6 9. Bd3 cxd4 10. exd4 0-0 11. Nd2 Ne8 12. Ndf3 f6 13. Qc2 fxe5 14. Bxh7+ Kh8 15. dxe5 Bxe5 16. fxe5 Nxe5 17. 0-0 Bd7 18. Nxe5 Rxf1+ 19. Kxf1 Qxe5 20. g3 Bb5+ 21. Bd3 Qf5+ 22. Ke2 Nd6 23. Ke3 Nc4+ 24. Ke2 Ne5 25. g4 Bxd3+ 26. Qxd3 Qxd3+ 0-1

[Event "FRA-ch op-A"]
[Site "Agen"]
[Date "2016.??.??"]
[Round "4"]
[White "Blum, Nicolas"]
[Black "Viel, Simon"]
[Result "1/2-1/2"]
[WhiteElo "2184"]
[BlackElo "1992"]
[PlyCount "121"]
[EventDate "2016.08.12"]
[EventType "swiss"]
[EventRounds "9"]
[EventCountry "FRA"]
[SourceTitle "EXT 2017"]
[Source "ChessBase"]
[SourceDate "2016.10.25"]
[SourceVersion "1"]
[SourceVersionDate "2016.10.25"]
[SourceQuality "1"]

1. e4 e6 2. d4 d5 3. Nd2 c5 4. exd5 Qxd5 5. Ngf3 cxd4 6. Bc4 Qd6 7. 0-0 Nf6 8. Nb3 Nc6 9. Nbxd4 Nxd4 10. Nxd4 a6 11. Re1 Qc7 12. Qe2 h6 13. h3 Bc5 14. c3 0-0 15. Bb3 b5 16. Be3 Rd8 17. Nf3 Bb7 18. Rad1 Nd5 19. Bxc5 Qxc5 20. Qe5 Rac8 21. Re4 Qc7 22. Red4 Rd7 23. a4 Qxe5 24. Nxe5 Rdc7 25. Nd3 Kf8 26. Bxd5 Bxd5 27. a5 Rd8 28. Nb4 Rd6 29. Nxd5 Rxd5 30. Rxd5 exd5 31. Rxd5 Ke7 32. Rd4 Rc4 33. Kf1 h5 34. Ke2 Rc5 35. Ke3 Rg5 36. g3 Ke6 37. Rd8 Rc5 38. Ra8 Rc6 39. Ra7 g6 40. h4 f6 41. Rg7 Kf5 42. Ra7 g5 43. hxg5 fxg5 44. Rh7 Kg4 45. f3+ Kxg3 46. Rxh5 Re6+ 47. Kd4 Kf4 48. Kc5 Re2 49. b4 Re6 50. Rh3 Rf6 51. c4 bxc4 52. Kxc4 Rd6 53. Kc5 Re6 54. Kc4 Rd6 55. b5 axb5+ 56. Kxb5 Rd5+ 57. Kb6 Rd6+ 58. Kc5 Re6 59. Kb5 Re5+ 60. Kb6 Re6+ 61. Kb5 1/2-1/2

[Event "Avoine op 30th"]
[Site "Avoine"]
[Date "2015.07.22"]
[Round "5"]
[White "Malassagne, Raphael"]
[Black "Viel, Simon"]
[Result "1/2-1/2"]
[WhiteElo "2185"]
[BlackElo "1981"]
[PlyCount "71"]
[EventDate "2015.07.18"]
[EventType "swiss"]
[EventRounds "9"]
[EventCountry "FRA"]
[SourceTitle "EXT 2016"]
[Source "ChessBase"]
[SourceDate "2015.10.08"]
[SourceVersion "1"]
[SourceVersionDate "2015.10.08"]
[SourceQuality "1"]

1. d4 Nf6 2. c4 c5 3. Nf3 cxd4 4. Nxd4 e5 5. Nb5 d5 6. cxd5 Bc5 7. N5c3 Qe7 8. g3 e4 9. e3 0-0 10. Nd2 Bf5 11. a3 Nbd7 12. Bg2 Nb6 13. b4 Bd6 14. Bb2 Be5 15. Qb3 Rac8 16. 0-0 Rfd8 17. Rac1 Bxc3 18. Bxc3 Nfxd5 19. Bd4 Be6 20. Qb2 f5 21. Rxc8 Rxc8 22. Rc1 Rxc1+ 23. Qxc1 Qc7 24. Qa1 Na4 25. g4 g6 26. gxf5 gxf5 27. Bh3 Qc2 28. Bh8 Nac3 29. Bxc3 Nxc3 30. Nf1 Kf7 31. Ng3 Ne2+ 32. Kg2 Nxg3 33. hxg3 Qe2 34. Qc1 Kg6 35. Kg1 Bc4 36. Bg2 1/2-1/2

[Event "Agneaux St Lo op U20 16th"]
[Site "Agneaux"]
[Date "2014.07.13"]
[Round "9"]
[White "Viel, Simon"]
[Black "Dill, Xaver"]
[Result "1-0"]
[WhiteElo "1723"]
[BlackElo "1820"]
[PlyCount "57"]
[EventDate "2014.07.06"]
[EventType "swiss"]
[EventRounds "9"]
[EventCountry "FRA"]
[SourceTitle "EXT 2015"]
[Source "ChessBase"]
[SourceDate "2014.11.20"]
[SourceVersion "1"]
[SourceVersionDate "2014.11.20"]
[SourceQuality "1"]

1. e4 c5 2. Nf3 d6 3. d4 cxd4 4. Nxd4 Nf6 5. Nc3 a6 6. Bg5 e6 7. f4 Be7 8. Qf3 Qc7 9. g4 Nbd7 10. 0-0-0 b5 11. Bxf6 Nxf6 12. g5 Nd7 13. a3 Bb7 14. Bh3 Qa5 15. Kb1 Rc8 16. f5 Ne5 17. Qg3 exf5 18. Nxf5 Rxc3 19. Qxc3 Qxc3 20. bxc3 Bxe4 21. Nxd6+ Bxd6 22. Rhe1 0-0 23. Rxd6 Nc4 24. Rxa6 Bg6 25. Kc1 h6 26. gxh6 gxh6 27. Bd7 Rd8 28. Bxb5 Rd2 29. Rxg6+ 1-0

[Event "Agneaux St Lo op U20 16th"]
[Site "Agneaux"]
[Date "2014.07.11"]
[Round "7"]
[White "Jamar, Vadim"]
[Black "Viel, Simon"]
[Result "0-1"]
[WhiteElo "1881"]
[BlackElo "1723"]
[PlyCount "118"]
[EventDate "2014.07.06"]
[EventType "swiss"]
[EventRounds "9"]
[EventCountry "FRA"]
[SourceTitle "EXT 2015"]
[Source "ChessBase"]
[SourceDate "2014.11.20"]
[SourceVersion "1"]
[SourceVersionDate "2014.11.20"]
[SourceQuality "1"]

1. e4 e6 2. d4 d5 3. e5 c5 4. c3 Qb6 5. Nf3 Nc6 6. a3 c4 7. Nbd2 Na5 8. g3 Ne7 9. Bh3 Ng6 10. 0-0 Be7 11. Ne1 0-0 12. f4 f6 13. exf6 Rxf6 14. Kg2 Bd7 15. Nef3 Raf8 16. Re1 Qd6 17. Qe2 Rxf4 18. Nxc4 Nxc4 19. gxf4 Nxf4+ 20. Bxf4 Qxf4 21. Rad1 Nxb2 22. Rb1 Bb5 23. Bxe6+ Kh8 24. Qxb2 Qxf3+ 25. Kg1 Bh4 26. Qg2 Bf2+ 27. Kh1 Bxe1 28. Rxe1 Bc6 29. Qxf3 Rxf3 30. Re5 Rxc3 31. Bxd5 g6 32. Bxc6 bxc6 33. Re8+ Kg7 34. Re7+ Kf6 35. Rxa7 Ke6 36. a4 Ra3 37. Ra5 Ra2 38. Kg1 Kd6 39. Ra7 h5 40. Rg7 Rxa4 41. Rxg6+ Kd5 42. Rg5+ Kxd4 43. Rxh5 Ra2 44. h4 c5 45. Rh8 c4 46. Rd8+ Ke3 47. Rc8 Kd3 48. h5 c3 49. h6 Ra7 50. Rd8+ Ke2 51. Rc8 Kd2 52. Rd8+ Kc1 53. Rg8 c2 54. Rg7 Kb1 55. Rxa7 c1Q+ 56. Kg2 Qd2+ 57. Kg3 Qe3+ 58. Kg4 Qxa7 59. Kg5 Qh7 0-1

[Event "Agneaux St Lo op 15th"]
[Site "Agneaux"]
[Date "2013.07.10"]
[Round "5"]
[White "Viel, Simon"]
[Black "Auvray, Honorine"]
[Result "1/2-1/2"]
[WhiteElo "1596"]
[BlackElo "1835"]
[PlyCount "70"]
[EventDate "2013.07.07"]
[EventType "swiss"]
[EventRounds "9"]
[EventCountry "FRA"]
[SourceTitle "EXT 2014"]
[Source "ChessBase"]
[SourceDate "2013.11.20"]
[SourceVersion "1"]
[SourceVersionDate "2013.11.20"]
[SourceQuality "1"]

1. e4 c5 2. Nf3 Nc6 3. d4 cxd4 4. Nxd4 Nf6 5. Nc3 d6 6. f3 e5 7. Nb3 Be7 8. Be2 0-0 9. 0-0 a5 10. a4 Nb4 11. Be3 Be6 12. Qd2 Bxb3 13. cxb3 d5 14. exd5 Nfxd5 15. Nxd5 Qxd5 16. Bc4 Qxd2 17. Bxd2 Bc5+ 18. Kh1 Nc6 19. Bc3 Bd4 20. Rad1 Rad8 21. Rfe1 Rfe8 22. Bb5 f6 23. h3 Bb6 24. b4 axb4 25. Bxc6 bxc6 26. Bxb4 Bd4 27. Bc3 c5 28. Rd3 Ra8 29. Bxd4 exd4 30. Rxe8+ Rxe8 31. Kg1 Kf7 32. Kf2 Re6 33. a5 Ke7 34. Ra3 Ra6 35. Ke2 Kd6 1/2-1/2